| 000 | 00686nam a22001817a 4500 | ||
|---|---|---|---|
| 005 | 20251108165526.0 | ||
| 008 | 250721s1977 xx 000 0 ara d | ||
| 082 | 1 | 4 | _aم/016.95666/بكر |
| 100 | 1 |
_aشعيب، بكر محمد أحمد _eمعد |
|
| 245 | 1 | 0 | _aببليوجرافيا الكويت و الخليجكشاف بعناوين المقالات الصادرة في المجلات الكويتية عام 1977 / |
| 264 | 1 |
_aالكويت : _bجامعة الكويت - إدارة المكتبات، _c1977. |
|
| 300 | _a130ص | ||
| 650 | 1 | 7 | _aالببليوغرافيا |
| 650 | 1 | 7 | _aالكويت |
| 650 | 1 | 7 | _aالخليج العربي |
| 942 |
_2ddc _cREF |
||
| 999 |
_c29951 _d29951 |
||